| 000 -LEADER |
| fixed length control field |
00843nam a22002297a 4500 |
| 008 - FIXED-LENGTH DATA ELEMENTS--GENERAL INFORMATION |
| fixed length control field |
140523b xxu||||| |||| 00| 0 eng d |
| 041 0# - LANGUAGE CODE |
| Language code of text/sound track or separate title |
eng |
| 080 ## - UNIVERSAL DECIMAL CLASSIFICATION NUMBER |
| Universal Decimal Classification number |
355.01 |
| 110 2# - |
| -- |
Carnegie Commission on Preventing Deadly Conflict. |
| 245 10 - TITLE STATEMENT |
| Title |
Preventing deadly conflict |
| Statement of responsibility, etc |
Carnegie Commission on Preventing Deadly Conflict. |
| 260 ## - |
| -- |
New York : |
| -- |
Carnegie Corp. of New York, |
| -- |
1997. |
| 300 ## - |
| -- |
257 f.: |
| -- |
me il.; |
| -- |
27 cm. |
| 500 ## - |
| -- |
Preface: f. XI-XV |
| 500 ## - |
| -- |
Selected Bibliography: f. 222-242 |
| 505 ## - |
| -- |
Index: f. 243-257 |
| 520 ## - |
| -- |
Executive Summary: f. XVII-XVIII |
| 650 #0 - |
| -- |
Dhuna në politikë |
| -- |
Mbrojtja |
| 650 #0 - |
| -- |
Menaxhimi i konflikteve |
| 650 #0 - |
| -- |
E drejta ndërkombëtare |
| 650 #0 - |
| -- |
Marrëdhëniet ndërkombëtare |
| 942 ## - ADDED ENTRY ELEMENTS (KOHA) |
| Source of classification or shelving scheme |
|
| Item type |
Books |